[Event "Euskadi-chTA"]
[Site "Euskadi"]
[Date "2001.02.03"]
[Round "8"]
[White "Merino Herrera, Abel"]
[Black "Alvarado Fernandez, Mikel"]
[Result "0-1"]
[WhiteElo "1815"]
[BlackElo "1863"]
[PlyCount "62"]
[EventDate "2000.11.18"]
[EventType "team"]
[EventRounds "9"]
[EventCountry "ESP"]
[SourceTitle "EXT 2006"]
[Source "ChessBase"]
[SourceDate "2005.11.24"]
[SourceVersion "1"]
[SourceVersionDate "2005.11.24"]
[SourceQuality "1"]

1. d4 Nf6 2. c4 e6 3. Nc3 c5 4. Nf3 cxd4 5. Nxd4 a6 6. e3 Be7 7. Bd3 Nc6 8. 0-0 Qc7 9. Nf3 b6 10. a3 Bb7 11. Ne2 Rd8 12. Bd2 0-0 13. Ng3 Ng4 14. Bc3 Nce5 15. Nxe5 Nxe5 16. Bxh7+ Kxh7 17. Qh5+ Kg8 18. Bxe5 Qc6 19. Qh3 f6 20. Bc3 g5 21. f4 Rf7 22. Ne2 Rh7 23. Qf3 Qxf3 24. gxf3 gxf4 25. Nxf4 Kf7 26. Rad1 d5 27. cxd5 e5 28. Ne2 Bxd5 29. e4 Bc5+ 30. Nd4 Bc4 31. Rf2 exd4 0-1